Обичам България (Запис номер 108404)
[ съкратено ]
| 000 -Лидер | |
|---|---|
| Контролно поле с фиксирана дължина | 01931nam a2200469 a 4500 |
| 003 - Код на организацията, давaща контролен номер | |
| Контролно поле | BLK |
| 005 - Дата и час на последна редакция | |
| Контролно поле | 20240418163241.0 |
| 008 - Елементи от данни с фиксирана дължина | |
| fixed length control field | 180409b bul|||||r ||||||| ||bul|| |
| 010 ## - Наследен системен номер | |
| LC control number | KNG00113708000 |
| 020 ## - Международен стандартен номер на книга ISBN | |
| Международен стандартен номер на книга ISBN | 954-8560-79-8 |
| 040 ## - Източник на каталожния запис | |
| Идентификатор на билиотеката - собственик на записа | BLK |
| 041 ## - Код за език | |
| Код за езика на текст/звукозапис или на отделно заглавие | Български |
| Код за езика КДБФ | Български |
| 080 ## - УДК | |
| Текстов определител УДК | Родинознание |
| УДК код - определител по УДК | 372.48 |
| УДК определител | (076) |
| УДК - код + определител | 372.48(076) |
| 139 ## - Редно поле | |
| Редна дума | Петрова, Надя Минчева и др. |
| Авторски знак | Петро - П 47 |
| 245 10 - Сведения за заглавието | |
| Заглавие | Обичам България |
| Подзаглавни данни | Енциклопедия по родинознание |
| Редно поле (дума) | текст Надя Минчева Петрова; текст Пламен Георгиев Абаджиев; худож. Огнян Балканджиев. |
| 257 ## - Страна на издаване | |
| Страна на създаване/издаване | България |
| 260 ## - Област на издателските данни | |
| Име на издателя, разпространителя и проч. | Парнас |
| Година на издаване | 2006 |
| Печатница | Русе : Дунав прес |
| Място на издаване, разпространение и проч. | Русе |
| 300 ## - Физическа характеристика | |
| Страници | 96 с. |
| Илюстрации и др. | с ил., к. |
| Размери/Мащаб | 28 см |
| 380 ## - Жанр | |
| Жанр | Обществени науки |
| 490 ## - СЕРИИ (Колекции) | |
| Име на серия | Библиотека Аз съм българче |
| 9 (RLIN) | 201519 |
| 650 #4 - Допълнително описание по предмет – тема | |
| Основно описание – тема или топоним | Родинознание - учебни помагала |
| 9 (RLIN) | 246598 |
| 651 #4 - Допълнително описание по предмет - топоним | |
| Географско понятие | България |
| 9 (RLIN) | 241624 |
| 653 ## - Ключова дума – ненормативна | |
| Ключова дума | родинознание |
| 653 ## - Ключова дума – ненормативна | |
| Ключова дума | природни забележителности |
| 653 ## - Ключова дума – ненормативна | |
| Ключова дума | исторически паметници |
| 653 ## - Ключова дума – ненормативна | |
| Ключова дума | градове |
| 653 ## - Ключова дума – ненормативна | |
| Ключова дума | курорти |
| 653 ## - Ключова дума – ненормативна | |
| Ключова дума | народни обичаи |
| 653 ## - Ключова дума – ненормативна | |
| Ключова дума | стихотворения |
| 653 ## - Ключова дума – ненормативна | |
| Ключова дума | учебни помагала |
| 653 ## - Ключова дума – ненормативна | |
| Ключова дума | начални училища |
| 700 1# - Други автори (авторска отговорност) | |
| Лично име | Петрова, Надя Минчева |
| Автороска отговорност (Описва отношението между автора и произведението) | текст |
| 9 (RLIN) | 366224 |
| 700 ## - Други автори (авторска отговорност) | |
| Лично име | Абаджиев, Пламен Георгиев |
| Дати, свързани с автора | 1955 - |
| Друга информация | Публицист, новелист |
| 9 (RLIN) | 250128 |
| 700 ## - Други автори (авторска отговорност) | |
| Лично име | Балканджиев, Огнян Георгиев |
| 9 (RLIN) | 364857 |
| 852 ## - Местоположение | |
| Форматна сигнатура | Цб ІІ 12661 |
| 856 4# - Електронен адрес и достъп | |
| Електронен формат | pdf - файл |
| 856 4# - Електронен адрес и достъп | |
| Електронен формат | pdf - файл |
| 999 ## - СИСТЕМНИ КОНТРОЛНИ НОМЕРА | |
| Koha biblionumber | 108404 |
| Koha biblioitemnumber | 108404 |
| 942 ## - АРТИКУЛИ | |
| Вид на библиотечния материал | Книги |
| Скрит в OPAC | Не |
| Koha issues (borrowed), all copies | 4 |
| Периодичен библиозапис | Да |
| 944 ## - СЪЗДАВАНЕ И РЕДАКЦИЯ на ЗАПИСА | |
| Създаване/Редакция | Създаване |
| Дата на регистрацията/редакция | 22.06.2004 |
| Статус, дата на статуса | Севдалина Тодорова |
| Служител, извършил регистрацията/редакцията | 30540 |
| 944 ## - СЪЗДАВАНЕ И РЕДАКЦИЯ на ЗАПИСА | |
| Създаване/Редакция | Редакция |
| Дата на регистрацията/редакция | 29.09.2011 |
| Статус, дата на статуса | ф / |
| 999 ## - СИСТЕМНИ КОНТРОЛНИ НОМЕРА | |
| Koha biblioitemnumber | 108404 |
| Код за отписване | Код за изгубен артикул | Източник на класификационната схема | Код за повреда | Коз за рестрикции | Код за отдаване | Артикулен № | Име на библиотеката - собственик | Име на библиотеката, в която се намира в момента | Статус (Текущо местоположение) | Дата на вписване в системата | Местоположение - отдел | Цена в лева | Инвентарен номер | Систематично азбучна сигнатура | Баркод | Номер на екземпляра | Цена в евро | Служебна бележка | Служебен тип на артикула |
|---|---|---|---|---|---|---|---|---|---|---|---|---|---|---|---|---|---|---|---|
| Не е изгубен | Universal Decimal Classification | Не е повреден | без рестрикции | заемане за дома | 174823 | Регионална библиотека "Любен Каравелов" Русе | Регионална библиотека "Любен Каравелов" Русе | Детски отдел | 2004-06-17 | Детски отдел | 10.00 | 120000686388 | ДН 373.3.016:9/П 47 | 120000686388 | 1 | 5.11 | Дост: DA Вид: А N: 13 Дата: 17.06.2004 Дата инв: 21.08.2015 Бележки инв: Д2015 | Книги | |
| Не е изгубен | Universal Decimal Classification | Не е повреден | само за читалня | ползва се в читалня | 174824 | Регионална библиотека "Любен Каравелов" Русе | Регионална библиотека "Любен Каравелов" Русе | Хранилище | 2007-02-20 | Хранилище | 10.00 | 120000709913 | Цб ІІ 12661 | 120000709913 | 2 | 5.11 | Дост: Dp Вид: Д N: 16 Дата: 29.03.2006 | Книги | |
| Изтеглен | Не е изгубен | Universal Decimal Classification | Не е повреден | без рестрикции | заемане за дома | 174825 | Регионална библиотека "Любен Каравелов" Русе | Регионална библиотека "Любен Каравелов" Русе | Детски отдел | 2008-05-07 | Детски отдел | 10.00 | 120000726099 | ДН 372.48/П 47 | 120000726099 | 3 | 5.11 | Дост: DA Вид: А N: 10 Дата: 07.05.2008 | Книги |
| Изтеглен | Не е изгубен | Universal Decimal Classification | Не е повреден | без рестрикции | заемане за дома | 174826 | Регионална библиотека "Любен Каравелов" Русе | Регионална библиотека "Любен Каравелов" Русе | Детски отдел | 2009-03-27 | Детски отдел | 10.00 | 120000734615 | ДН 372.48/П 47 | 120000734615 | 4 | 5.11 | Дост: DA Вид: А N: 4 Дата: 27.03.2009 Дата инв: 21.08.2015 Бележки инв: Д2015 | Книги |
| Изтеглен | Не е изгубен | Universal Decimal Classification | Не е повреден | без рестрикции | заемане за дома | 174827 | Регионална библиотека "Любен Каравелов" Русе | Регионална библиотека "Любен Каравелов" Русе | Детски отдел | 2010-07-13 | Детски отдел | 10.00 | 120000745018 | ДН 372.48/П 47 | 120000745018 | 5 | 5.11 | Дост: DA Вид: А N: 18 Дата: 13.07.2010 Дата инв: 21.08.2015 Бележки инв: Д2015 | Книги |